00241 a2200109 4500001000700000040003500007100001400042240003200056245002700088300000700115362000900122155067 cEscola São Tomás de Aquino aMARK, Jan10aToo old rock and roll lpor10aToo old rock and roll  a440 a1994